High Court Misc Application 1997 B.A.T International S.P.A vs Giancarlo Nasce and another (Record no. 4545)

MARC details
000 -LEADER
fixed length control field 00437nam a22001097a 4500
008 - FIXED-LENGTH DATA ELEMENTS--GENERAL INFORMATION
fixed length control field 110705t xxu||||| |||| 00| 0 eng d
010 ## - LIBRARY OF CONGRESS CONTROL NUMBER
LC control number HCMA F-139
245 ## - TITLE STATEMENT
Title High Court Misc Application 1997 B.A.T International S.P.A vs Giancarlo Nasce and another
260 ## - PUBLICATION, DISTRIBUTION, ETC. (IMPRINT)
Date of publication, distribution, etc 1997
500 ## - GENERAL NOTE
General note Arising out of Civil Suit Appeal No.683 of 1995
Holdings
Withdrawn status Lost status Source of classification or shelving scheme Damaged status Koha normalized classification for sorting Not for loan Location (home branch) Sublocation or collection (holding branch) Shelving location Date acquired Koha issues (times borrowed) Koha full call number Piece designation (barcode) Koha date last seen Price effective from Koha item type
    Dewey Decimal Classification   HCCS_F139   Law Development Centre Main Library Law Development Centre Main Library Law Reports 07/05/2011   HCCS F-139 596/1994/1 07/05/2011 07/05/2011 Seminar Papers and Reports